Sobre el aparato reticular de Golgí en las células glandulares de la próstata / (Record no. 115960)

MARC details
000 -LEADER
campo de control de longitud fija 00643nam a2200181 i 4500
001 - NÚMERO DE CONTROL
campo de control 115960
003 - IDENTIFICADOR DE NÚMERO DE CONTROL
campo de control ES-MaACL
005 - FECHA Y HORA DE LA ÚLTIMA TRANSACCIÓN
campo de control 20230906190613.0
007 - CAMPO FIJO DE DESCRIPCIÓN FÍSICA--INFORMACIÓN GENERAL
campo de control de longitud fija t|
008 - DATOS DE LONGITUD FIJA--INFORMACIÓN GENERAL
campo de control de longitud fija 061121s1926 sp r ||||1| spa d
100 1# - ENTRADA PRINCIPAL--NOMBRE DE PERSONA
Nombre de persona Ortiz Picón, Juan Manuel.
9 (RLIN) 87637
245 10 - MENCIÓN DEL TÍTULO
Título Sobre el aparato reticular de Golgí en las células glandulares de la próstata /
Mención de responsabilidad, etc. Juan Manuel Ortiz Picón.
260 ## - PUBLICACIÓN, DISTRIBUCIÓN, ETC.
Lugar de publicación, distribución, etc. Madrid :
Nombre del editor, distribuidor, etc. [s.n.],
Fecha de publicación, distribución, etc. 1926 (
Fabricante Imp. del Ministerio Marina)
300 ## - DESCRIPCIÓN FÍSICA
Extensión 14 p. :
Otras características físicas il. ;
Dimensiones 24 cm.
500 ## - NOTA GENERAL
Nota general Es tirada aparte de `Revista Española de Cirugía y Urología`.
650 #4 - PUNTO DE ACCESO ADICIONAL DE MATERIA--TÉRMINO DE MATERIA
Término de materia o nombre geográfico como elemento de entrada Aparato de Golgi.
9 (RLIN) 159192
852 ## - LOCALIZACIÓN
Ubicación ES-MaACL
Número de control de estantería 1700-F-9
Holdings
Estatus retirado Estado de pérdida Estado de daño No para préstamo Colección Biblioteca de origen Biblioteca actual Ubicación en estantería Fecha de adquisición Fuente de adquisición Total de préstamos Signatura topográfica completa Código de barras Visto por última vez Precio de reemplazo Tipo de ítem Koha
        Colección de folletos Biblioteca del Ateneo de Madrid Biblioteca del Ateneo de Madrid Depósito folletos 17/01/2008     1700-F-9 1120924 23/02/2023 23/02/2023 Folleto